| 000 | 00458nam a2200145 i 4500 | ||
|---|---|---|---|
| 001 | 37776 | ||
| 003 | ES-MaACL | ||
| 005 | 20230906155636.0 | ||
| 007 | t| | ||
| 008 | 030221s1917 sp ||||1| spa d | ||
| 100 | 1 |
_aCaballero de la Vega, J. _933102 |
|
| 245 | 1 | 0 |
_aPáginas de la historia de España _b: la guerra de la independencia / _cJ. Caballero de la Vega. |
| 260 |
_aBarcelona : _bSobs. de López Robert y Cª, _c[1917] |
||
| 852 |
_aES-MaACL _j1542-F-13 |
||
| 999 |
_c37776 _d37776 |
||